000 00785nam a22002415a 4500
999 _c3406
_d233910
001 003054
003 armpunfd
005 20190409164329.0
008 141009s2000####ag############000#0#und#d
020 _a9508942274
080 _a347.736 R 122
100 1 _aRafecas, Daniel Eduardo.
245 1 0 _aEl Delito de Quiebra de Sociedades :
_cEl Art. 178 del Codigo Penal de acuerdo con la ley 24522. Aspectos comerciales y Penales. Apéndice de Jurisprudencia con sentencias condenatorias y Absolutorias recientes.
260 _aBuenos Aires :
_bAd- Hoc,
_c2000.
300 _a254 P.
650 7 _aConcursos
_2LEMB
650 7 _aLey 24522
_2LEMB
650 7 _aQuiebra Fraudulenta
_2LEMB
650 7 _aQuiebras
_2LEMB
651 _2LEMB
945 _acd
_d2014-10-09